Detalles MARC
| 000 -LÍDER |
| Campo fijo de descripción fija |
01561nam a2200313Ia 4500 |
| 001 - NÚMERO DE CONTROL |
| Campo de control |
10091353 |
| 003 - IDENTIFICADOR DEL NÚMERO DE CONTROL |
| Campo de control |
CO-MdFUSB |
| 005 - FECHA Y HORA DE LA ULTIMA TRANSACCIÓN |
| control field |
20190815063837.0 |
| 008 - ELEMENTOS DE LONGITUD FIJA -- INFORMACIÓN GENERAL |
| Campo fijo de descripción fija -- Información general |
831103s1980 cau 000 0 eng d |
| 010 ## - NÚMERO DE CONTROL DE LA BIBLIOTECA DEL CONGRESO |
| Número de control LC |
80066014 |
| 020 ## - NÚMERO INTERNACIONAL NORMALIZADO PARA LIBROS |
| Número Internacional Normalizado del libro |
0689110863 (pbk.) : |
| Términos de disponibilidad |
$6.95 |
| 040 ## - FUENTE DE CATALOGACIÓN |
| Agencia de catalogación original |
OCO |
| Agencia que realiza la modificación |
CBC |
| -- |
UtOrBLW |
| Idioma de catalogación |
spa |
| Agencia que realiza la transcripción |
CO-MdFUSB |
| Convenciones de la descripción |
rda |
| 041 ## - CÓDIGO DE IDIOMA |
| Código de idioma para texto/pista de sonido o título separado |
eng |
| 082 ## - NÚMERO DE CLASIFICACIÓN DECIMAL DEWEY |
| Número de la edición del Dewey |
23 |
| Número de clasificación |
G 813.54 |
| Clave de autor-Numero de item |
B928 |
| 092 ## - LOCALLY ASSIGNED DEWEY CALL NUMBER (OCLC) |
| Classification number |
813.6 |
| Item number |
B86go |
| 100 1# - ASIENTO PRINCIPAL--NOMBRE PERSONAL |
| Nombre personal |
Buechner, Frederick, |
| Fechas asociadas con el nombre |
1926- |
| Término relacionador |
autor |
| 245 10 - TÍTULO |
| Título del Material |
Godric |
| Mención de responsabilidad, etc. |
/ Frederick Buechner. |
| 264 #1 - PRODUCCIÓN, PUBLICACIÓN, DISTRIBUCIÓN, MANUFACTURA, Y COPYRIGHT |
| Lugar de producción, publicación, distribución, manufactura |
San Francisco, Calif : |
| Nombre del productor, publicador, distribuidor |
HarperCollins Publishers, |
| Fecha de producción, publicación, distribución, manufactura, o copyright |
℗[1980] |
| 264 #4 - PRODUCCIÓN, PUBLICACIÓN, DISTRIBUCIÓN, MANUFACTURA, Y COPYRIGHT |
| Fecha de producción, publicación, distribución, manufactura, o copyright |
©1980 |
| 300 ## - DESCRIPCIÓN FÍSICA |
| Extensión |
178 páginas : |
| Dimensiones |
22 cm. |
| 336 ## - TIPO DE CONTENIDO |
| Fuente |
rdacontent |
| Término de tipo de contenido |
texto |
| Código de tipo de contenido |
txt |
| 337 ## - TIPO DE MEDIO |
| Fuente |
rdamedia |
| Nombre del tipo de medio |
sin mediación |
| Código del tipo de medio |
n |
| 338 ## - TIPO DE SOPORTE |
| Fuente |
rdacarrier |
| Nombre del tipo de soporte |
volumen |
| Código Tipo de soporte |
nc |
| 505 ## - NOTA DE CONTENIDO |
| Nota de contenido con formato preestablecido |
De Godric, sus amigos y Reginald -- De la familia de Godric, su juventud y un signo en el mar -- Como Godric dejó su casa -- De pequeño peregrino a como Godric se convirtió en un comerciante prosperado -- Cómo le fue a Godic en la isla sagrada de Farne -- Cómo Godric se encontró con un jabalí y un leproso, y cómo la gente lo buscó en su celda.-- Como Godric se convirtió en una torre de perforación y condujo los mares con el ratón Roger -- Cómo Godric volvió a casa y el sueño de Aedwen. -- Cómo subieron las aguas, y Godric habló de ellas, y el camino a Roma -- De Roma, una doncella y un oso -- Una banda de peregrinos y una despedida en un bosque |
| 563 ## - NOTA DE ENCUADERNACIÓN |
| Nota de encuadernación |
Tapa rústica |
| 650 #0 - ASIENTO SECUNDARIO DE MATERIA - TERMINO TEMÁTICO |
| Término temático o nombre geográfico como elemento de entrada |
Biografías cristianas |
| 9 (RLIN) |
1238 |
| 942 ## - TIPO DE MATERIAL (KOHA) |
| Tipo de Item KOHA |
Libros General |